00877nam a22001695i 4500001000700000003000900007005001700016008004100033040001800074100004300092245023100135260005800366300002100424852010000445999001900545952014300564156268ES-MaACL20250824063049.0980602s1891 sp |||| | spa d aAR bspa cAR1 aJardiel, Florencio, d1844-193196611110aSermón predicado en el Santo Templo Metropolitano de Nuestra Señora del Pilar por el Doctor Florencio Jardiel, con motivo de la solemne inauguración del segundo Congreso Católico Nacional el día 5 de octubre de 1890. aZaragoza : b[s.n.], c1891 (fTip. de Mariano Salas) a15 p. ; c25 cm. aES-MaACLjT-545-F-7 z-- Enc. hol., conservando la enc. editorial z-- Enc. en un vol. facticio c156268d156268 001040708Colección_de_folletosaATENEOMbATENEOMcDEPOFd2008-01-17l0oT-545-F-7p1163488r2023-02-23 00:00:00w2023-02-23yFOLLETOS